Quanti sono? - Statistics

Statistiche generali
  • Questo quiz è stato fatto 119 volte
  • Il punteggio medio è 8 su 10
Statistiche sulle risposte
Domanda Quanti sono? % Corretto
Lati di un dodecagono 12
100%
Denti del giudizio 4
99%
Tentacoli di un polpo 8
96%
Anelli olimpici 5
95%
Membri stabili dei Pink Floyd 4
92%
Edizioni del Festival di Sanremo condotte da Pippo Baudo 13
91%
Figli di Gigi D'Alessio 6
86%
Le "parole" di una canzone di Valeria Rossi 3
78%
Radice cubica di 729 9
56%
Tesi di Martin Lutero 95
41%
Nessun quiz corrispondente trovato
Distribuzione punteggi
Percentuale di utenti per punteggio
Percentile per numero di risposta
I tuoi punteggi nel tempo
Non hai fatto questo quiz